| 000 | 01107nam a2200277 a 4500 | ||
|---|---|---|---|
| 005 | 20200104041545.0 | ||
| 008 | 140312t1995 bl abo fr|||| 000 0 por d | ||
| 020 | _a1413375X | ||
| 040 |
_aCO-BoIAVH _cCO-BoIAVH |
||
| 041 | 0 | _apor | |
| 044 | _abl | ||
| 082 | 0 | 4 |
_a584.39 _bF38h |
| 100 | 1 | _aFerreira de Castro, Carlos Eduardo | |
| 245 | 1 | 0 |
_aHelicônia para exportação : _bAspectos técnicos da produção |
| 260 |
_aBrasilia : _bEMBRAPA - SPI, _c1995. |
||
| 300 |
_a44 páginas : _bIlustraciones, mapas, fotografías a color ; _c28 x 21 cm. |
||
| 500 | _aIncluye glosario. | ||
| 504 | _aIncluye referencias bibliográficas: páginas 41-42. | ||
| 650 | 1 | 6 | _aHeliconias |
| 650 | 2 | 6 | _aPlantas ornamentales |
| 650 | 2 | 6 | _aCultivo de heliconias |
| 710 | 2 |
_aBrasil. _bPrograma de Apoio á Produção e Exportação de Frutas, Hortaliças, Flores e Plantas Ornamentais, FRUPEX |
|
| 710 | 2 |
_aBrasil. _b Secretaria de Desenvolvimiento Rural |
|
| 710 | 2 |
_aBrasil. _bMinistério da Agricultura, do Abastecimiento e da Reforma Agrária |
|
| 942 |
_cLIBRO _2ddc |
||
| 999 |
_c3955 _d3955 |
||